Էլեկտրաէներգետիկական համակարգերի հակավթարային ավտոմատիկա : (Record no. 365010)
[ view plain ]
| 000 -LEADER | |
|---|---|
| fixed length control field | 01539nam a2200241 a 4500 |
| 001 - CONTROL NUMBER | |
| control field | 001137652 |
| 003 - CONTROL NUMBER IDENTIFIER | |
| control field | AM-YeHGA |
| 005 - DATE AND TIME OF LATEST TRANSACTION | |
| control field | 20250618074519.0 |
| 008 - FIXED-LENGTH DATA ELEMENTS--GENERAL INFORMATION | |
| fixed length control field | 160325s2016 ai r 000 0 arm d |
| 020 ## - INTERNATIONAL STANDARD BOOK NUMBER | |
| International Standard Book Number | 9789939723327 |
| 040 ## - CATALOGING SOURCE | |
| Original cataloging agency | AM-YeHGA |
| 090 ## - LOCALLY ASSIGNED LC-TYPE CALL NUMBER (OCLC); LOCAL CALL NUMBER (RLIN) | |
| -- | 366870 |
| 100 1# - MAIN ENTRY--PERSONAL NAME | |
| Personal name | Թամրազյան, Մելանյա Գեորգիի |
| 245 10 - TITLE STATEMENT | |
| Title | Էլեկտրաէներգետիկական համակարգերի հակավթարային ավտոմատիկա : |
| Remainder of title | Ուսումնական ձեռնարկ / |
| Statement of responsibility, etc. | Մ.Գ. Թամրազյան, Լ.Ա. Հարությունյան ; ՀՀ ԿԳՆ, ՀԱՊՀ. Էներգետիկ. ֆակ. Էլեկտրաէներգետիկայի ամբիոն. |
| 260 ## - PUBLICATION, DISTRIBUTION, ETC. | |
| Place of publication, distribution, etc. | Երևան : |
| Name of publisher, distributor, etc. | Ճարտարագետ, |
| Date of publication, distribution, etc. | 2016. |
| 300 ## - PHYSICAL DESCRIPTION | |
| Extent | 56 էջ . |
| 530 ## - ADDITIONAL PHYSICAL FORM AVAILABLE NOTE | |
| Additional physical form available note | Էլեկտրոնային պաշարը հասանելի է ՀԱՊՀ-ի գրադարանի էլեկտրոնային ընթերցասրահում : |
| Uniform Resource Identifier | <a href="http://libsrv.seua.am/chair_publications/2342E.pdf">http://libsrv.seua.am/chair_publications/2342E.pdf</a> |
| 650 14 - SUBJECT ADDED ENTRY--TOPICAL TERM | |
| Topical term or geographic name entry element | Էլեկտրական կայաններ |
| Form subdivision | Հակավթարային ավտոմատ կառավարման համակարգեր |
| 650 14 - SUBJECT ADDED ENTRY--TOPICAL TERM | |
| Topical term or geographic name entry element | Էլեկտրական ցանցեր և համակարգեր |
| 700 1# - ADDED ENTRY--PERSONAL NAME | |
| Personal name | Հարությունյան, Լիաննա Աշոտի |
| 710 2# - ADDED ENTRY--CORPORATE NAME | |
| Corporate name or jurisdiction name as entry element | ՀՀ կրթության և գիտության նախարարություն |
| 9 (RLIN) | 8625 |
| 710 2# - ADDED ENTRY--CORPORATE NAME | |
| Corporate name or jurisdiction name as entry element | Հայաստանի ազգային պոլիտեխնիկական համալսարան. |
| Subordinate unit | Էներգետիկական ֆակուլտետ. |
| -- | Էլեկտրաէներգետիկայի ամբիոն |
| Withdrawn status | Lost status | Damaged status | Not for loan | Collection | Home library | Current library | Date acquired | Cost, normal purchase price | Shelving control number | Total checkouts | Full call number | Barcode | Date last seen | Price effective from | Koha item type | Public note |
|---|---|---|---|---|---|---|---|---|---|---|---|---|---|---|---|---|
| General | Fundamental Scientific Library | Fundamental Scientific Library | 11/01/2017 | 290.00 | AII/101488 | FL0398403 | 11/01/2017 | 11/01/2017 | Գրքեր / Books | 30 Days Loan | ||||||
| General | Fundamental Scientific Library | Fundamental Scientific Library | 11/01/2017 | 290.00 | AII/101489 | FL0398404 | 11/01/2017 | 11/01/2017 | Գրքեր / Books | 30 Days Loan |
ՀՀ Գիտությունների ազգային ակադեմիայի հիմնարար գիտական գրադարան = Fundamental Scientific Library of NAS RA
All site content, except where otherwise noted, is licensed under a